| 000 | 00671nam0a22002411 4500 | ||
|---|---|---|---|
| 001 | rc\4902057 | ||
| 005 | 20130426153137.8 | ||
| 021 |
_aRU _b[59-4381] |
||
| 035 | _a(NLR Aleph) 008834214 | ||
| 090 |
_a8301814 _c8301814 |
||
| 100 | _a20130426d1958 |||y0rusy50 ca | ||
| 101 | 0 | _arus | |
| 102 | _aRU | ||
| 105 | _ay z |||a| | ||
| 200 | 1 |
_aУральская весна _e[Стихи] _fСост. Я.Т. Вохменцев |
|
| 210 |
_aЧелябинск _cКн. изд-во _d1958 |
||
| 215 |
_a80 с. _d17 |
||
| 702 | 1 |
_aВохменцев _bЯ. Т. _4220 |
|
| 801 | 0 |
_aRU _bNLR _gpsbo |
|
| 801 | 1 |
_aRU _bELAR _2rusmarc |
|
| 852 |
_aNLR _j59-2/343 |
||
| 942 | _cBOOK | ||
| 980 | _aNB | ||